| 000 | 00633nam a2200205 a 4500 | ||
|---|---|---|---|
| 003 | BD-DhJNU | ||
| 005 | 20260112045642.0 | ||
| 008 | 251001s1962 ii a b 001 0 eng | ||
| 040 |
_aBD-DhJNU _bENG _cBD-DhJNU _dBD-DhJNU |
||
| 082 | 0 | 0 |
_a910 BYI _223 |
| 100 | 1 | _aBygott. John | |
| 245 | 1 | 0 |
_aAn introduction to mapwork and practical geography / _cJohn Bygott and D. C. Money |
| 250 | _a8th ed. | ||
| 260 |
_aLondon : _bUniversity Tutorial Press, _c1962. |
||
| 300 |
_a264 p. : _bill. ; _c21 cm. |
||
| 504 | _aIncludes bibliographical references and index. | ||
| 650 | 0 | _aPractical geography | |
| 700 | 1 | _aMoney, D. C. | |
| 942 | _cBK | ||
| 999 |
_c2512 _d2512 |
||